Mercaderes y banqueros de la edad media

Guardat en:
Dades bibliogràfiques
Autor principal: Le Goff, Jacques (Autor)
Format: Llibre
Idioma:espanyol
Publicat: Buenos Aires EUDEBA 1969
Edició:4a. ed
Col·lecció:Lectores de EUDEBA
Matèries:
Etiquetes: Afegir etiqueta
Sense etiquetes, Sigues el primer a etiquetar aquest registre!

MARC

LEADER 00000nam a2200000 a 4500
001 UCL2361
003 CL-VaPUC
008 031017e19690000AG |||||||||||||||||spa|d
082 0 4 |a 940.1  |b LEG  |2 21 
100 |a Le Goff, Jacques  |e author  |9 322549 
245 1 0 |a Mercaderes y banqueros de la edad media 
250 |a 4a. ed 
300 |a 143 p 
942 |c BK 
945 |d 20031017 00:00:00  |a cmena 
260 |a Buenos Aires  |b EUDEBA  |c 1969 
650 0 |a Civilización medieval   |9 265320 
650 0 |a Cultura  |9 269059 
650 0 |a Edad media  |9 258041 
650 0 |a Historia medieval   |9 258042 
650 0 |a Política  |9 255312 
583 |a last modification  |c 20031017 00:00:00  |k Rodrigo Vera 
490 0 |a Lectores de EUDEBA 
999 |c 305700  |d 305698 
952 |0 0  |1 0  |4 0  |6 940_100000000000000_LEG_1969  |7 0  |8 A  |9 369965  |a BIBHIS  |b BIBHIS  |d 2019-11-21  |i 3951758  |l 3  |o 940.1 LEG 1969  |p 3951758  |r 2025-01-20  |s 2024-05-06  |w 2019-11-21  |y BK  |k HIS